000 005510000a22002050004500
003 LK-CoMWRAF
005 20231026110753.0
008 230817t ||||| |||| 00| 0 eng d
040 _aLK-CoMWRAF
_dLK-CoMWRAF
_eLK-CoMWRAF
041 _aeng
082 _a297.24
_bISM
100 _aIsmail, Ibrahim Muhammad
245 _aIslam and contemporary economic theories
250 _a2nd Edition
260 _aCairo :
_bThe Supreme council Islamic affairs,
_c1965
300 _a100
490 _astudies in Islam No.4
650 _aIslam
942 _cBK
999 _c2992
_d2992